书目信息 |
| 题名: |
上海波罗(Polo)轿车维修图册
|
|
| 作者: | 王赟松 , 宋作军 主编 | |
| 分册: | ||
| 出版信息: | 北京 人民交通出版社 2003.08 |
|
| 页数: | 255页 | |
| 开本: | 19×26cm | |
| 丛书名: | ||
| 单 册: | ||
| 中图分类: | U469.110 | |
| 科图分类: | ||
| 主题词: | 轿车--jiao che--维修--图集 | |
| 电子资源: | ||
| ISBN: | 7-114-04740-1 | |
| 000 | 00897nam0 2200253 450 | |
| 001 | 012008061227 | |
| 005 | 20080424161110.42 | |
| 010 | @a7-114-04740-1@dCNY25.00 | |
| 100 | @a20080424d2003 km y0chiy0120 ea | |
| 101 | 0 | @achi |
| 102 | @aCN@b110000 | |
| 105 | @ay z 000yy | |
| 106 | @ar | |
| 200 | 1 | @a上海波罗(Polo)轿车维修图册@Ashang hai bo luo (Polo) jiao che wei xiu tu ce@f宋作军, 王赟松主编@Fsong zuo jun,wang yun song zhu bian |
| 210 | @a北京@c人民交通出版社@d2003.08 | |
| 215 | @a255页@d19×26cm | |
| 330 | @a该书介绍了上海波罗(Polo)轿车发动机、底盘、电气设备、空调等部分的基本结构、技术数据、维修方法和故障排除等知识。 | |
| 606 | 0 | @a轿车@Ajiao che@x维修@j图集 |
| 610 | 0 | @a上海波罗(Polo)轿车 |
| 690 | @aU469.110@v4 | |
| 701 | 0 | @a王赟松@Awang yun song@4主编 |
| 701 | 0 | @a宋作军@Asong zuo jun@4主编 |
| 801 | 0 | @aCN@bQSSK@c20080424 |
| 905 | @b20704401-03@dU469.110@eS791@f3 | |
| 上海波罗(Polo)轿车维修图册/宋作军, 王赟松主编.-北京:人民交通出版社,2003.08 |
| 255页;19×26cm |
| ISBN 7-114-04740-1:CNY25.00 |
| 该书介绍了上海波罗(Polo)轿车发动机、底盘、电气设备、空调等部分的基本结构、技术数据、维修方法和故障排除等知识。 |
| ● |
| 相关链接 |
|
|
|
正题名:上海波罗(Polo)轿车维修图册
索取号:U469.110/S791
 
预约/预借
| 序号 | 登录号 | 条形码 | 馆藏地/架位号 | 状态 | 备注 |
| 1 | 704401 | 207044018 | 自科库501/501自科库 56排5列4层/ [索取号:U469.110/S791] | 在馆 | |
| 2 | 704402 | 207044027 | 期刊室512/501自科库 56排4列5层/ [索取号:U469.110/S791] | 在馆 | |
| 3 | 704403 | 207044036 | 自科库501/501自科库 56排5列4层/ [索取号:U469.110/S791] | 在馆 |